00445 2200169 4500001002100000005001500021008004100036020002200077035001900099041000700118082001100125090001700136100001900153245003400172260005000206300001900256INLIS00000000002245720241224131303241224||||||||| | ||| |||| || |  a978-602-257-508-5 0010-1224022457 aid0 a297.63 a297.63 NEL c0 aNelfi Syafrina00aTEKA-TEKI ABDURRAHMAN BIN AUF aSolobPT Tiga Serangkai Pustaka Mandiric2013 a24hlm.;26,5 cm